[Event "36th Reykjavik op"]
[Site "Reykjavik ISL"]
[Date "2023.04.03"]
[Round "8.24"]
[White "Korley, Kassa"]
[Black "Sahithi, Varshini M"]
[WhiteElo "2468"]
[BlackElo "2262"]
[Result "1-0"]
[EventDate "2023.03.29"]
[PlyCount "66"]

1. Nf3 d5 2. b3 Bg4 3. Bb2 Bxf3 4. exf3 e6 5. g3 h5 6. h4 Nf6 7. Bg2 g6 8. O-O Bg7
9. d4 O-O 10. c4 Nc6 11. Qd2 a5 12. a4 Re8 13. Rd1 Ne7 14. Na3 Nf5 15. Rab1 c6 16.
Nc2 Qc7 17. Bc3 b6 18. Qe2 Nd7 19. Ne3 c5 20. Nxf5 exf5 21. Qd2 dxc4 22. dxc5 Bxc3
23. Qxc3 Nxc5 24. Qxc4 Rac8 25. Bf1 Qe7 26. Qf4 Rcd8 27. Bc4 Ne6 28. Qe3 f4 29. Qxb6
fxg3 30. fxg3 Nd4 31. Qxg6+ Kf8 32. Qh6+ Kg8 33. Qxh5 Nc2  1-0

[Event "36th Reykjavik op"]
[Site "Reykjavik ISL"]
[Date "2023.04.03"]
[Round "8.25"]
[White "Richter, Michael"]
[Black "Jacobsen, Mikkel Manosri"]
[WhiteElo "2466"]
[BlackElo "2283"]
[Result "1-0"]
[EventDate "2023.03.29"]
[PlyCount "87"]

1. d4 d5 2. Nf3 Nf6 3. e3 Bf5 4. c4 c6 5. Nc3 e6 6. Qb3 Qb6 7. Be2 Be7 8. Bd2 O-O
9. O-O Nbd7 10. Rac1 Ne4 11. Nxe4 Bxe4 12. Bc3 Rfe8 13. Rfd1 Qxb3 14. axb3 h5 15.
Nd2 Bg6 16. b4 dxc4 17. Nxc4 a6 18. f3 h4 19. Kf2 f6 20. g3 Kf7 21. g4 Rad8 22. e4
Nf8 23. Bd3 Kg8 24. f4 Bf7 25. h3 g5 26. f5 exf5 27. gxf5 Bh5 28. Re1 Bd6 29. Nxd6
Rxd6 30. e5 fxe5 31. Bc4+ Bf7 32. dxe5 Rd5 33. Bxd5 Bxd5 34. Rg1 Nh7 35. Rxg5+ Nxg5
36. Rg1 Kf7 37. Rxg5 Rg8 38. e6+ Kf8 39. Rxg8+ Kxg8 40. Ke3 Bg2 41. Kf4 Bxh3 42.
Bf6 Kf8 43. Bxh4 Ke8 44. Ke4  1-0

[Event "36th Reykjavik op"]
[Site "Reykjavik ISL"]
[Date "2023.04.03"]
[Round "8.26"]
[White "Olson, Hamish"]
[Black "Stefansson, Vignir Vatnar"]
[WhiteElo "2309"]
[BlackElo "2461"]
[Result "1/2-1/2"]
[EventDate "2023.03.29"]
[PlyCount "56"]

1. d4 d5 2. Nf3 Nf6 3. c4 e6 4. g3 Bb4+ 5. Bd2 a5 6. Qc1 O-O 7. Bg2 Be7 8. O-O c6
9. Rd1 Nbd7 10. Bf4 Nh5 11. Bg5 Nhf6 12. Nc3 b6 13. Ne5 Nxe5 14. dxe5 Nd7 15. Bxe7
Qxe7 16. cxd5 exd5 17. f4 Ba6 18. Qd2 Rad8 19. e4 dxe4 20. Qd6 Qxd6 21. Rxd6 Nc5
22. Rad1 Rxd6 23. Rxd6 f5 24. exf6 Rxf6 25. Rd8+ Rf8 26. Rxf8+ Kxf8 27. Nxe4 Nd3
28. Nc3 Nxb2  1/2-1/2

[Event "36th Reykjavik op"]
[Site "Reykjavik ISL"]
[Date "2023.04.03"]
[Round "8.27"]
[White "Salles, Louis"]
[Black "Panchanathan, Magesh Chandran"]
[WhiteElo "2287"]
[BlackElo "2460"]
[Result "0-1"]
[EventDate "2023.03.29"]
[PlyCount "76"]

1. e4 e5 2. Nf3 Nc6 3. Bc4 d6 4. d4 Be7 5. d5 Nb8 6. O-O h6 7. Bd3 Bg5 8. c4 Bxc1
9. Qxc1 Ne7 10. c5 O-O 11. Na3 f5 12. Qc4 Kh8 13. Rac1 Nd7 14. b4 fxe4 15. Bxe4 Nf6
16. Bb1 Nfxd5 17. Nh4 Rf4 18. Qc2 Qg8 19. g3 Nxb4 20. Qb2 Rxh4 21. gxh4 Nbd5 22.
Kh1 Nf4 23. f3 Ned5 24. cxd6 cxd6 25. Nc4 Qf8 26. Qa3 Bh3 27. Rf2 Rc8 28. Ne3 Rd8
29. Nxd5 Nxd5 30. Qd3 Nf6 31. f4 Rc8 32. Rxc8 Qxc8 33. Rc2 Qg4 34. fxe5 dxe5 35.
Rf2 e4 36. Qd2 Qxh4 37. Rf4 Qg5 38. Qe3 Qg2#  0-1

[Event "36th Reykjavik op"]
[Site "Reykjavik ISL"]
[Date "2023.04.03"]
[Round "8.28"]
[White "Heurtebize, Olivier"]
[Black "Yankelevich, Lev"]
[WhiteElo "2269"]
[BlackElo "2459"]
[Result "1-0"]
[EventDate "2023.03.29"]
[PlyCount "109"]

1. d4 Nf6 2. c4 c5 3. d5 b5 4. cxb5 a6 5. bxa6 g6 6. Nc3 Bg7 7. g3 d6 8. Bg2 O-O
9. Nh3 Nbd7 10. O-O Nb6 11. Rb1 Bf5 12. e4 Bc8 13. Qc2 Nfd7 14. b3 Bxa6 15. Rd1 Ne5
16. f3 Rc8 17. Nf2 Qc7 18. Be3 Rb8 19. Rdc1 Rfc8 20. Qd1 Qd8 21. f4 Ned7 22. a4 Na8
23. Na2 Nab6 24. Bh3 Rc7 25. a5 Nc8 26. b4 Rcb7 27. Nd3 c4 28. Ne1 Na7 29. Bf1 Nb5
30. Bxc4 Rc8 31. Bd3 Rbc7 32. Qe2 Nd4 33. Qf1 Bb7 34. Rxc7 Rxc7 35. b5 Rc5 36. a6
Ba8 37. Nb4 Rc3 38. Nc6 Bxc6 39. bxc6 Nc5 40. a7 Ncb3 41. Nc2 Nxc2 42. Bxc2 Rxe3
43. Qb5 Bf8 44. Bxb3 e5 45. dxe6 Rxe4 46. exf7+ Kg7 47. Bd5 Re7 48. c7 Rxc7 49. a8=Q
Qe7 50. Qb2+ Kh6 51. g4 Qe3+ 52. Qf2 Rc1+ 53. Rxc1 Qxc1+ 54. Kg2 Qh1+ 55. Kxh1  1-0

[Event "36th Reykjavik op"]
[Site "Reykjavik ISL"]
[Date "2023.04.03"]
[Round "8.29"]
[White "Large, Peter G"]
[Black "Dhulipalla, Bala Chandra Prasad"]
[WhiteElo "2227"]
[BlackElo "2441"]
[Result "0-1"]
[EventDate "2023.03.29"]
[PlyCount "158"]

1. e4 e5 2. Nf3 Nc6 3. Bb5 a6 4. Ba4 Nf6 5. O-O Be7 6. Re1 b5 7. Bb3 d6 8. c3 O-O
9. h3 Na5 10. Bc2 c5 11. d4 Qc7 12. Nbd2 Bd7 13. Nf1 Nc4 14. Ng3 Rfc8 15. b3 Nb6
16. dxe5 dxe5 17. Nf5 Bf8 18. Bg5 Ne8 19. Nh2 f6 20. Be3 Be6 21. Ng4 a5 22. Qf3 c4
23. Qg3 Kh8 24. h4 cxb3 25. Bxb3 Nc4 26. h5 Qf7 27. Bd1 Ncd6 28. Nxd6 Nxd6 29. Bd2
Rc4 30. h6 Nxe4 31. Rxe4 Rxe4 32. Bf3 Rxg4 33. Bxg4 Bxa2 34. hxg7+ Bxg7 35. Bf5 Be6
36. Qf3 Bd5 37. Qd3 Bc4 38. Qe4 Rd8 39. Rxa5 Bd3 40. Ra8 Bxe4 41. Rxd8+ Bf8 42. Bh6
Bxf5 43. Rxf8+ Qxf8 44. Bxf8 Kg8 45. Bd6 Kf7 46. f4 e4 47. Kf2 Ke6 48. Bb4 h5 49.
g3 Bh3 50. Ba5 Kf5 51. Bb6 Bg4 52. Be3 Bf3 53. Bc1 Ke6 54. Ba3 Bd1 55. Bc5 Kd5 56.
Bb4 Bc2 57. Ba5 Kc4 58. Ke3 Bd3 59. Bb4 Kd5 60. Kf2 Ke6 61. Bc5 Kf5 62. Be3 Ke6 63.
Bc5 Kd5 64. Bb4 Kc4 65. Ke3 f5 66. Ba5 Kb3 67. Bb4 Kc2 68. Ba5 Bc4 69. Bb4 Kd1 70.
Be7 Ke1 71. Bf6 Kf1 72. Be7 Kg2 73. Bh4 Bd3 74. Kd2 Kf3 75. Ke1 e3 76. Kd1 Bf1 77.
Ke1 Bh3 78. Kd1 Bg4 79. Ke1 Kg2  0-1

[Event "36th Reykjavik op"]
[Site "Reykjavik ISL"]
[Date "2023.04.03"]
[Round "8.30"]
[White "Ramoutar, Alan-Safar"]
[Black "Ruiz Buendia, Miguel"]
[WhiteElo "2425"]
[BlackElo "2172"]
[Result "1-0"]
[EventDate "2023.03.29"]
[PlyCount "55"]

1. e4 c5 2. Nc3 Nc6 3. Bb5 Nd4 4. Nf3 a6 5. Bd3 g6 6. O-O Bg7 7. Re1 e6 8. Bf1 Ne7
9. e5 Qc7 10. Ne4 O-O 11. Nf6+ Kh8 12. c3 Nxf3+ 13. Qxf3 Ng8 14. d4 d6 15. Re4 dxe5
16. Nxh7 Kxh7 17. Rh4+ Nh6 18. Bxh6 Kg8 19. Bxg7 Kxg7 20. Qe3 Bd7 21. dxe5 Rh8 22.
Rxh8 Rxh8 23. Rd1 Rh5 24. g4 Rh8 25. Qg5 Re8 26. Rd3 Qd8 27. Qd2 Re7 28. Rh3  1-0

[Event "36th Reykjavik op"]
[Site "Reykjavik ISL"]
[Date "2023.04.03"]
[Round "8.31"]
[White "Laddha, Shubh Jayesh"]
[Black "Garbuz, Vitaliy"]
[WhiteElo "2422"]
[BlackElo "2155"]
[Result "1/2-1/2"]
[EventDate "2023.03.29"]
[PlyCount "124"]

1. e4 c5 2. Nf3 Nc6 3. d4 cxd4 4. Nxd4 g6 5. c4 Bg7 6. Be3 Qb6 7. Nb3 Qd8 8. Nd4
Qb6 9. Nb3 Qd8 10. Qd2 Nf6 11. f3 d6 12. Nc3 O-O 13. Be2 Be6 14. Rc1 Na5 15. Nxa5
Qxa5 16. Nd5 Qxd2+ 17. Kxd2 Bxd5 18. cxd5 Rfc8 19. Rxc8+ Rxc8 20. Rc1 Rxc1 21. Kxc1
a6 22. b4 e6 23. dxe6 fxe6 24. Kc2 Kf7 25. Kb3 Nd7 26. a4 Ke7 27. a5 d5 28. exd5
exd5 29. f4 Kd6 30. h4 Nf8 31. h5 gxh5 32. Bxh5 Ne6 33. Kc2 Bd4 34. Bd2 Bf2 35. Bg4
h5 36. Bxh5 Bg3 37. f5 Nd4+ 38. Kd3 Nxf5 39. Bg4 Nh4 40. Bc8 Kc6 41. Bh3 Ng6 42.
Be6 Nf4+ 43. Bxf4 Bxf4 44. Kd4 Bd2 45. Bxd5+ Kc7 46. Kc4 b6 47. axb6+ Kxb6 48. g4
a5 49. b5 Bc1 50. Be4 a4 51. Bc2 a3 52. Bb3 Bd2 53. Ba2 Be3 54. Kb4 Bc5+ 55. Ka4
Be7 56. Bc4 Kc5 57. Kxa3 Kxc4+ 58. Ka4 Bd8 59. g5 Bxg5 60. b6 Bd8 61. b7 Bc7 62.
b8=Q Bxb8  1/2-1/2

[Event "36th Reykjavik op"]
[Site "Reykjavik ISL"]
[Date "2023.04.03"]
[Round "8.32"]
[White "Carlsson, Ludvig"]
[Black "Birkisson, Bardur Oern"]
[WhiteElo "2375"]
[BlackElo "2142"]
[Result "1-0"]
[EventDate "2023.03.29"]
[PlyCount "99"]

1. e4 e5 2. Nf3 Nc6 3. Bc4 Nf6 4. Ng5 d5 5. exd5 Na5 6. Bb5+ c6 7. dxc6 bxc6 8. Bd3
Nd5 9. Nf3 Bd6 10. O-O O-O 11. Re1 f5 12. Nxe5 Qf6 13. Nf3 g5 14. g3 g4 15. Nh4 f4
16. Kh1 fxg3 17. fxg3 Nf4 18. Nc3 Nxd3 19. cxd3 Be6 20. d4 Rae8 21. d3 Qxd4 22. Be3
Qg7 23. Qa4 Qc7 24. Kg1 Bd7 25. Ne4 Be5 26. Bd4 c5 27. Bxe5 Rxe5 28. Qc2 Qb6 29.
Kh1 Nc6 30. Rf1 Nd4 31. Rxf8+ Kxf8 32. Rf1+ Kg7 33. Qf2 Nf3 34. Nxf3 Rf5 35. Qe3
gxf3 36. b3 Qa5 37. Rxf3 Qxa2 38. Rxf5 Bxf5 39. Qg5+ Bg6 40. Qe7+ Bf7 41. Qe5+ Kf8
42. Qxc5+ Kg7 43. Qe5+ Kf8 44. Qh8+ Bg8 45. Qf6+ Bf7 46. Qh6+ Ke8 47. Nd6+ Ke7 48.
Nf5+ Ke8 49. Qc6+ Kf8 50. Qd6+  1-0

[Event "36th Reykjavik op"]
[Site "Reykjavik ISL"]
[Date "2023.04.03"]
[Round "8.33"]
[White "Melaa, Sondre"]
[Black "Kusa, Jakub"]
[WhiteElo "2243"]
[BlackElo "2373"]
[Result "1/2-1/2"]
[EventDate "2023.03.29"]
[PlyCount "94"]

1. d4 d5 2. c4 e6 3. Nc3 a6 4. cxd5 exd5 5. Nf3 h6 6. Bf4 Nf6 7. e3 Bd6 8. Bxd6 Qxd6
9. Bd3 Bg4 10. h3 Bxf3 11. Qxf3 Nbd7 12. O-O O-O 13. Rfc1 Rfe8 14. a3 c6 15. Na4
Ne4 16. Bxe4 Rxe4 17. Nc5 Nxc5 18. Rxc5 Rf8 19. g3 f5 20. h4 g5 21. hxg5 hxg5 22.
Qh5 Qf6 23. Kg2 Re7 24. Rh1 Rff7 25. Rcc1 f4 26. gxf4 Rg7 27. Rcg1 Qf5 28. fxg5 Kf8
29. Qh8+ Rg8 30. Qh6+ Ke8 31. Rh3 Rxg5+ 32. Kh1 Rxg1+ 33. Kxg1 Qb1+ 34. Kg2 Qxb2
35. Qd6 Rg7+ 36. Rg3 Rxg3+ 37. Kxg3 Kf7 38. a4 Qa1 39. Qc7+ Ke6 40. a5 Qg1+ 41. Kf3
Qh1+ 42. Ke2 Qb1 43. Qc8+ Ke7 44. f4 Qc2+ 45. Kf3 Qd1+ 46. Kg3 Qg1+ 47. Kf3 Qd1+
 1/2-1/2

[Event "36th Reykjavik op"]
[Site "Reykjavik ISL"]
[Date "2023.04.03"]
[Round "8.34"]
[White "Melzner, Lukas"]
[Black "Willemze, Thomas"]
[WhiteElo "2199"]
[BlackElo "2364"]
[Result "0-1"]
[EventDate "2023.03.29"]
[PlyCount "50"]

1. c4 e6 2. g3 d5 3. Bg2 c5 4. Nf3 Nc6 5. O-O d4 6. e3 Nf6 7. exd4 cxd4 8. Re1 Bd6
9. d3 h6 10. Bf4 Bxf4 11. gxf4 Nh5 12. Ne5 Nxf4 13. Nxc6 Qg5 14. Qf3 Nxg2 15. Qxg2
bxc6 16. Qxg5 hxg5 17. Nd2 f6 18. Nb3 Rh4 19. Re4 Rxe4 20. dxe4 e5 21. Nc5 Bg4 22.
Kg2 Be2 23. b3 d3 24. Na4 d2 25. Nc3 O-O-O  0-1

[Event "36th Reykjavik op"]
[Site "Reykjavik ISL"]
[Date "2023.04.03"]
[Round "8.35"]
[White "Leonard, Timo"]
[Black "Colpe, Malte"]
[WhiteElo "2196"]
[BlackElo "2356"]
[Result "0-1"]
[EventDate "2023.03.29"]
[PlyCount "81"]

1. d4 Nf6 2. c4 g6 3. Nc3 Bg7 4. e4 d6 5. Nf3 O-O 6. Be2 e5 7. Be3 exd4 8. Nxd4 Re8
9. f3 c6 10. Bf2 d5 11. exd5 cxd5 12. O-O Nc6 13. c5 Bf8 14. Kh1 Bd7 15. Qd2 Nxd4
16. Bxd4 a5 17. Bb5 Bc6 18. Bxc6 bxc6 19. Na4 Nh5 20. Nb6 Ra7 21. a3 Qh4 22. Rfe1
Re2 23. Rxe2 Ng3+ 24. Kg1 Qxd4+ 25. Rf2 Qxd2 26. Rxd2 Bxc5+ 27. Rf2 Bxb6 28. hxg3
Bxf2+ 29. Kxf2 Rb7 30. b4 axb4 31. axb4 Rxb4 32. Rc1 Rc4 33. Rxc4 dxc4 34. Ke3 Kf8
35. Kd4 Ke7 36. Kxc4 Kd6 37. g4 h6 38. f4 f5 39. gxf5 gxf5 40. Kd4 c5+ 41. Kc4  0-1

[Event "36th Reykjavik op"]
[Site "Reykjavik ISL"]
[Date "2023.04.03"]
[Round "8.36"]
[White "Bruchmann, Stephan"]
[Black "Braun, Vitali"]
[WhiteElo "2185"]
[BlackElo "2356"]
[Result "0-1"]
[EventDate "2023.03.29"]
[PlyCount "64"]

1. e4 e6 2. d4 d5 3. Nc3 Nf6 4. e5 Nfd7 5. f4 c5 6. Nf3 Nc6 7. Be3 cxd4 8. Nxd4 Bc5
9. Qd2 a6 10. Be2 O-O 11. O-O Nxd4 12. Bxd4 Qb6 13. Bxc5 Nxc5 14. Kh1 Qxb2 15. Rab1
Qa3 16. f5 exf5 17. Nxd5 Ne4 18. Qe1 Qc5 19. c4 Be6 20. Qh4 Bxd5 21. cxd5 g6 22.
Rxb7 Qxd5 23. Re7 Rfe8 24. Bf3 Qb5 25. Re1 Rxe7 26. Qxe7 Re8 27. Qa7 Qxe5 28. Bxe4
a5 29. Rf1 Qxe4 30. Qxa5 Qc4 31. Kg1 Re2 32. a3 Qe4  0-1

[Event "36th Reykjavik op"]
[Site "Reykjavik ISL"]
[Date "2023.04.03"]
[Round "8.37"]
[White "Miller, Eduard"]
[Black "Briem, Stephan"]
[WhiteElo "2354"]
[BlackElo "2142"]
[Result "0-1"]
[EventDate "2023.03.29"]
[PlyCount "116"]

1. d4 d5 2. Bf4 c6 3. e3 Qb6 4. b3 Bf5 5. Nf3 Nf6 6. Be2 e6 7. O-O Nbd7 8. c4 Be7
9. h3 Ne4 10. Ne5 Nxe5 11. Bxe5 O-O 12. f3 Nf6 13. Bd3 Bxd3 14. Qxd3 c5 15. cxd5
Nxd5 16. Nc3 Nxc3 17. Qxc3 f6 18. dxc5 Bxc5 19. Bd4 Bxd4 20. Qxd4 Qxd4 21. exd4 Rfd8
22. Rfd1 Kf7 23. Kf2 Rac8 24. Rd2 Ke7 25. Rad1 Kd6 26. Ke3 Kd5 27. Kf4 Rc3 28. Re1
Rdc8 29. h4 Rc2 30. Ree2 Rxd2 31. Rxd2 b5 32. g4 a5 33. g5 Rc1 34. gxf6 gxf6 35.
Kg4 a4 36. bxa4 bxa4 37. Kh5 Rc3 38. Kh6 Rxf3 39. Kxh7 Rg3 40. h5 f5 41. Re2 f4 42.
Re5+ Kxd4 43. Rxe6 f3 44. Rf6 Ke3 45. Re6+ Kd2 46. Rf6 Ke2 47. Re6+ Kf1 48. Rg6 Kg2
49. h6 f2 50. Rxg3+ Kxg3 51. Kg8 f1=Q 52. h7 Qc4+ 53. Kf8 Qh4 54. Kg8 Qg5+ 55. Kf7
Qh6 56. Kg8 Qg6+ 57. Kh8 Qf7 58. a3 Qf8#  0-1

[Event "36th Reykjavik op"]
[Site "Reykjavik ISL"]
[Date "2023.04.03"]
[Round "8.38"]
[White "Song, Julien"]
[Black "Mai, Alexander Oliver"]
[WhiteElo "2348"]
[BlackElo "2141"]
[Result "1/2-1/2"]
[EventDate "2023.03.29"]
[PlyCount "118"]

1. d4 Nf6 2. c4 e6 3. Nf3 d5 4. g3 Bb4+ 5. Bd2 Be7 6. Bg2 O-O 7. O-O Nbd7 8. Qc2
c6 9. Bf4 b6 10. Nbd2 Bb7 11. e4 Nxe4 12. Nxe4 dxe4 13. Qxe4 Nf6 14. Qe2 Qc8 15.
Rfc1 Re8 16. c5 Nd5 17. Bd2 Ba6 18. Qe4 bxc5 19. dxc5 Bf6 20. Rab1 Rd8 21. Ba5 Rd7
22. Ne5 Rb7 23. b4 Rab8 24. a3 Qe8 25. Rb3 Bb5 26. h4 Bd8 27. Bxd8 Qxd8 28. Bf1 Nf6
29. Qf3 Qd5 30. Bxb5 Qxf3 31. Rxf3 cxb5 32. Rd3 Nd5 33. f4 g6 34. Rcd1 Rc8 35. Kf2
h5 36. Nf3 Ra8 37. Ng5 a5 38. Rb1 axb4 39. axb4 Ra2+ 40. Kf3 Rba7 41. Rdb3 Rc2 42.
R1b2 Rc1 43. Ne4 Raa1 44. Nd2 Nc3 45. Ne4 Rf1+ 46. Nf2 Rac1 47. Kg2 Rg1+ 48. Kf3
Rgf1 49. Rd2 Nd5 50. Ke4 Rfe1+ 51. Kf3 Rc4 52. Rdb2 Rf1 53. Kg2 Rcc1 54. Rd2 Rg1+
55. Kf3 Rc4 56. Rdb2 Rf1 57. Ke2 Rcc1 58. Rd2 Rfe1+ 59. Kf3 Rc4  1/2-1/2

[Event "36th Reykjavik op"]
[Site "Reykjavik ISL"]
[Date "2023.04.03"]
[Round "8.39"]
[White "Oberschilp, Friedrich"]
[Black "Cramling Bellon, Anna"]
[WhiteElo "1827"]
[BlackElo "2066"]
[Result "1-0"]
[EventDate "2023.03.29"]
[PlyCount "55"]

1. d4 Nf6 2. c4 e6 3. Nc3 d5 4. cxd5 exd5 5. Bg5 Be7 6. Qc2 c6 7. e3 Ne4 8. Bxe7
Qxe7 9. Nxd5 cxd5 10. Qxc8+ Qd8 11. Bb5+ Nc6 12. Bxc6+ bxc6 13. Qxc6+ Kf8 14. Ne2
Rb8 15. Qa4 a5 16. b3 h5 17. Rc1 Rh6 18. Rc6 Rxc6 19. Qxc6 Rc8 20. Qb5 Rc2 21. O-O
Rxa2 22. Nf4 Nf6 23. h4 g6 24. g3 Rc2 25. Qb7 Rc7 26. Qb6 Qc8 27. Qxf6 Kg8 28. Nxd5
 1-0

[Event "36th Reykjavik op"]
[Site "Reykjavik ISL"]
[Date "2023.04.03"]
[Round "8.41"]
[White "Botez, Alexandra"]
[Black "Cornelisse, John"]
[WhiteElo "1988"]
[BlackElo "2203"]
[Result "0-1"]
[EventDate "2023.03.29"]
[PlyCount "84"]

1. d4 d5 2. c4 e6 3. Nf3 Nf6 4. g3 Be7 5. Bg2 O-O 6. O-O dxc4 7. Ne5 Nc6 8. Nxc6
bxc6 9. Na3 Bxa3 10. bxa3 Nd5 11. Qa4 c5 12. dxc5 Qf6 13. Rb1 Qg6 14. Bb2 a5 15.
Rfe1 Ba6 16. Rbc1 Rfb8 17. Be5 Qg5 18. Bxd5 exd5 19. Bxc7 Rb2 20. Qc6 Bb7 21. Qd6
Re8 22. e3 Qf5 23. Qf4 Qh3 24. Qh4 Qd7 25. Bxa5 Rxa2 26. Bc3 Re4 27. Qg5 f6 28. Qh5
g6 29. Qh6 Qf5 30. f4 Re6 31. Bd4 Qe4 32. Qh3 g5 33. Rb1 Bc6 34. Rb8+ Be8 35. f5
Qc2 36. Rf1 Re4 37. Bxf6 Rxe3 38. Rb7 h5 39. Rg7+ Kf8 40. Bxg5 Re1 41. Be7+ Kxg7
42. f6+ Kh8  0-1

[Event "36th Reykjavik op"]
[Site "Reykjavik ISL"]
[Date "2023.04.03"]
[Round "8.42"]
[White "Gaal, Zsoka"]
[Black "Adams, Henry"]
[WhiteElo "2320"]
[BlackElo "1859"]
[Result "1-0"]
[EventDate "2023.03.29"]
[PlyCount "75"]

1. Nf3 Nf6 2. g3 e6 3. Bg2 Be7 4. d4 d5 5. c4 O-O 6. O-O b6 7. cxd5 exd5 8. Nc3 Bb7
9. Bf4 c6 10. Rc1 Nbd7 11. h4 Re8 12. Qb3 Bf8 13. Rfd1 b5 14. Ne5 Nxe5 15. Bxe5 Ng4
16. Bf4 b4 17. Na4 Ba6 18. Bf3 Nf6 19. Rxc6 Bb5 20. Rcc1 Qd7 21. Nc5 Bxc5 22. dxc5
a5 23. Bxd5 Nxd5 24. Qxd5 Qg4 25. f3 Qe6 26. Qxe6 Rxe6 27. Re1 Rxe2 28. Rxe2 Bxe2
29. Kf2 Bb5 30. c6 Kf8 31. c7 Bd7 32. Ke3 Ke7 33. Kd4 Be6 34. Kc5 Bxa2 35. Re1+ Be6
36. Kc6 Rc8 37. Bd6+ Ke8 38. f4  1-0

[Event "36th Reykjavik op"]
[Site "Reykjavik ISL"]
[Date "2023.04.03"]
[Round "8.43"]
[White "Belenkaya, Dina"]
[Black "Kjartansson, Gudmundur"]
[WhiteElo "2300"]
[BlackElo "2402"]
[Result "1/2-1/2"]
[EventDate "2023.03.29"]
[PlyCount "118"]

1. e4 c6 2. d4 d5 3. e5 Bf5 4. Bd3 Bxd3 5. cxd3 e6 6. Nf3 Ne7 7. O-O Nf5 8. Nc3 h5
9. Ne2 Nd7 10. Bd2 a5 11. Ne1 Qb6 12. Nc2 c5 13. Bc3 g6 14. Rc1 Bh6 15. Bd2 Bxd2
16. Qxd2 cxd4 17. Qf4 Qxb2 18. h4 O-O 19. Ncxd4 Rac8 20. Rb1 Qa3 21. Nxf5 exf5 22.
d4 Rfe8 23. Rxb7 Nf8 24. Rfb1 Rc2 25. Ng3 Ne6 26. Qh6 f4 27. Rxf7 Rc1+ 28. Kh2 fxg3+
29. fxg3 Kxf7 30. Rxc1 Ng7 31. Rf1+ Kg8 32. Qxg6 Rf8 33. Rb1 Qe7 34. Rb5 Qf7 35.
Qxf7+ Rxf7 36. Rxd5 Rf2 37. Rxa5 Nf5 38. e6 Nxd4 39. Rxh5 Rxa2 40. e7 Kf7 41. Rh7+
Ke8 42. g4 Nc6 43. h5 Nxe7 44. Kh3 Kf8 45. Rh6 Kg7 46. Rd6 Ra4 47. g3 Rc4 48. Ra6
Rc5 49. Kh4 Rc4 50. Ra5 Kf6 51. Ra6+ Kg7 52. h6+ Kh7 53. Kh5 Rc6 54. Rxc6 Nxc6 55.
g5 Ne5 56. g6+ Nxg6 57. g4 Nf4+ 58. Kg5 Ng6 59. Kh5 Nf4+  1/2-1/2

[Event "36th Reykjavik op"]
[Site "Reykjavik ISL"]
[Date "2023.04.03"]
[Round "8.44"]
[White "Williams, Simon"]
[Black "Dieu, Bruno"]
[WhiteElo "2461"]
[BlackElo "2219"]
[Result "1-0"]
[EventDate "2023.03.29"]
[PlyCount "45"]

1. e4 e6 2. d4 d5 3. e5 c5 4. c3 Ne7 5. Nf3 Nd7 6. Bd3 Nc6 7. Ng5 cxd4 8. Nxe6 fxe6
9. Qh5+ Ke7 10. Bg5+ Nf6 11. cxd4 Kd7 12. exf6 gxf6 13. Be3 Qe8 14. Qf3 Bg7 15. Nc3
Qe7 16. O-O Qf7 17. Rfe1 Bf8 18. Bg5 Be7 19. Rxe6 Nxd4 20. Qxd5+ Ke8 21. Rxe7+ Kxe7
22. Qc5+ Kd8 23. Qxd4+  1-0

[Event "36th Reykjavik op"]
[Site "Reykjavik ISL"]
[Date "2023.04.03"]
[Round "8.45"]
[White "Kracht, Raphael"]
[Black "Domalchuk-Jonasson, Aleksandr"]
[WhiteElo "2145"]
[BlackElo "2318"]
[Result "0-1"]
[EventDate "2023.03.29"]
[PlyCount "120"]

1. e4 e6 2. d4 d5 3. Nd2 Be7 4. Bd3 c5 5. dxc5 Nf6 6. Ngf3 dxe4 7. Nxe4 Nxe4 8. Bxe4
Qxd1+ 9. Kxd1 Bxc5 10. Ke2 Nd7 11. Be3 Bxe3 12. Kxe3 Nf6 13. a4 Nxe4 14. Kxe4 f6
15. Rhd1 Ke7 16. Nd4 e5 17. Nb5 Bd7 18. c4 Bc6+ 19. Ke3 g5 20. g3 h5 21. Nc3 Rac8
22. b3 g4 23. Rd2 Bf3 24. a5 a6 25. h4 f5 26. Nd5+ Ke6 27. Ra4 Rhd8 28. Rb4 Rd7 29.
Rc2 Rc5 30. Rb6+ Rc6 31. Rxc6+ bxc6 32. Nc3 Rf7 33. Na4 f4+ 34. Kd2 Kf5 35. Nc5 e4
36. gxf4 Kxf4 37. Ne6+ Ke5 38. Nc5 Kf4 39. Ne6+ Ke5 40. Nc5 Bg2 41. Ke2 Rf3 42. Rc1
Rh3 43. Rg1 Bf3+ 44. Kd2 Rxh4 45. Nxa6 Rh2 46. Ke3 Rh3 47. Nb4 Bd1+ 48. Kd2 Rxb3
49. Nxc6+ Kd6 50. Na7 Bf3 51. Kc2 Rb4 52. a6 Ra4 53. Nc8+ Kc7 54. Ne7 Rxa6 55. Kd2
h4 56. Nf5 h3 57. Ng3 h2 58. Rb1 Rh6 59. Nh1 Rh3 60. Re1 e3+  0-1

[Event "36th Reykjavik op"]
[Site "Reykjavik ISL"]
[Date "2023.04.03"]
[Round "8.46"]
[White "Tamas, Gunes Ongut"]
[Black "Hoffmann, Sebastian"]
[WhiteElo "2317"]
[BlackElo "2108"]
[Result "0-1"]
[EventDate "2023.03.29"]
[PlyCount "94"]

1. e4 c6 2. Nf3 d5 3. Nc3 Nf6 4. e5 Ne4 5. Ne2 Qb6 6. d4 e6 7. Ng3 c5 8. Bd3 Nxg3
9. fxg3 cxd4 10. O-O Nc6 11. Qe2 h6 12. a3 Bd7 13. b4 a6 14. g4 O-O-O 15. Bd2 Be7
16. Rab1 f6 17. b5 axb5 18. Rxb5 Qc7 19. Rfb1 Nb8 20. Ba5 Qc6 21. Bb6 fxe5 22. Nxe5
Qd6 23. Bc5 Qc7 24. Rxb7 Qxb7 25. Rxb7 Bxc5 26. Rb1 Rhf8 27. Ng6 Rf6 28. Ba6+ Kc7
29. Qe5+ Bd6 30. Rb7+ Kc6 31. Ne7+ Kc5 32. Rc7+ Nc6 33. Rxc6+ Bxc6 34. Qe1 Kb6 35.
Nxc6 Kxc6 36. Qa5 Rb8 37. Qa4+ Kc7 38. Qa5+ Kc6 39. Qa4+ Kc7 40. Qa5+ Kd7 41. Bb5+
Ke7 42. Qa7+ Kf8 43. a4 e5 44. h4 d3 45. cxd3 Rc8 46. Kh2 e4+ 47. Kh3 Rf1  0-1

[Event "36th Reykjavik op"]
[Site "Reykjavik ISL"]
[Date "2023.04.03"]
[Round "8.47"]
[White "Wecker, Martin"]
[Black "Gretarsson, Hjoervar Steinn"]
[WhiteElo "2144"]
[BlackElo "2538"]
[Result "0-1"]
[EventDate "2023.03.29"]
[PlyCount "106"]

1. d4 e6 2. Nf3 d5 3. c4 Nf6 4. g3 Bb4+ 5. Bd2 a5 6. Bg2 O-O 7. Qc2 b6 8. cxd5 exd5
9. O-O Ba6 10. Bg5 h6 11. Bxf6 Qxf6 12. Ne5 c6 13. Nc3 Ra7 14. Rac1 Nd7 15. Nf3 Qe6
16. Rfe1 f5 17. e3 g6 18. Red1 g5 19. Re1 Bd6 20. Na4 Rc7 21. Nc3 Nf6 22. Rcd1 Ne4
23. Na4 h5 24. Ne5 c5 25. Nc3 cxd4 26. exd4 Bb4 27. Qc1 f4 28. Qb1 Bxc3 29. bxc3
Nxc3 30. Qb3 a4 31. Qb4 Nxd1 32. Rxd1 fxg3 33. hxg3 h4 34. g4 h3 35. Bxh3 Qf6 36.
Qd2 Qf4 37. Bg2 Bc4 38. Qc2 Rh7 39. Nxc4 dxc4 40. Qxc4+ Kh8 41. Qe2 Qh2+ 42. Kf1
Rhf7 43. d5 Rxf2+ 44. Qxf2 Rxf2+ 45. Kxf2 Qd6 46. Rd3 Kg7 47. a3 b5 48. Be4 b4 49.
axb4 Qxb4 50. Bf3 a3 51. d6 a2 52. d7 a1=Q 53. Bd1 Qbd4+  0-1

[Event "36th Reykjavik op"]
[Site "Reykjavik ISL"]
[Date "2023.04.03"]
[Round "8.48"]
[White "Hnatyshyn, Anastasiia"]
[Black "Erdos, Viktor"]
[WhiteElo "2114"]
[BlackElo "2587"]
[Result "1/2-1/2"]
[EventDate "2023.03.29"]
[PlyCount "58"]

1. e4 c5 2. Nf3 e6 3. d4 cxd4 4. Nxd4 Nc6 5. Nc3 a6 6. Be3 Nf6 7. Nxc6 bxc6 8. e5
Nd5 9. Nxd5 cxd5 10. Bd3 a5 11. Qe2 Qc7 12. Bd4 Bc5 13. Bc3 Qb6 14. O-O h5 15. a4
Bb7 16. Kh1 Bc6 17. b3 Bd4 18. Bxd4 Qxd4 19. f4 g6 20. Rad1 Qc5 21. Qe1 h4 22. h3
Rb8 23. Rb1 Kf8 24. Qd2 Kg7 25. Kh2 Rh7 26. Kh1 Rhh8 27. Kh2 Rh7 28. Kh1 Rhh8 29.
Kh2 Rh7  1/2-1/2

[Event "36th Reykjavik op"]
[Site "Reykjavik ISL"]
[Date "2023.04.03"]
[Round "8.49"]
[White "Gajewski, Grzegorz"]
[Black "Jaksland, Tim"]
[WhiteElo "2587"]
[BlackElo "2117"]
[Result "1-0"]
[EventDate "2023.03.29"]
[PlyCount "97"]

1. d4 Nf6 2. Nf3 e6 3. c4 d5 4. Nc3 Bb4 5. Qa4+ Nc6 6. a3 Bxc3+ 7. bxc3 Ne4 8. Bf4
O-O 9. e3 Nxc3 10. Qc2 Ne4 11. Bd3 f5 12. h4 h6 13. Rc1 a6 14. Ne5 Nxe5 15. Bxe5
c6 16. c5 Qe8 17. f3 Nf6 18. Rb1 Nd7 19. Bd6 Rf6 20. Qc3 Qd8 21. g4 Rf7 22. Ke2 Nf8
23. gxf5 exf5 24. Bg3 Qe8 25. Kd2 Be6 26. Rhg1 Rd8 27. Kc2 Bc8 28. Qd2 Kh8 29. Be5
Re7 30. Qg2 Qf7 31. Qh2 Ne6 32. Rg2 Rg8 33. Rbg1 Qh5 34. Rg6 Nf8 35. R6g2 Ne6 36.
Kc3 Bd7 37. f4 Qf7 38. Rg6 Kh7 39. Qh3 Rf8 40. Bf6 gxf6 41. Qxf5 Ng5 42. Rxh6+ Kg8
43. hxg5 Qg7 44. Qg6 fxg5 45. Qh5 Be8 46. Qxg5 Qxg5 47. Rxg5+ Rg7 48. Rxg7+ Kxg7
49. Rh7+  1-0